Statistics for Percy Jackson "The Lightning Thief" Characters Book Quiz

Click here to take the quiz!

General Stats

  • This quiz has been taken 1,126 times
  • The average score is 7 of 8

Answer Stats

Hint Answer % Correct
Percy's best friendGrover Underwood
98%
Girl who goes on quest with percyAnnabeth Chase
98%
Percy's dad (a god)Poseidon
92%
The lightning theifLuke Castellen
91%
The helm of terror was stollen from what godHades
90%
Percy's momSally Jackson
87%
Percy's step-dadGabe Ugliano
87%
What god did percy battle at the endAres
87%

Score Distribution

Percentile by Number Answered

Percent of People with Each Score

Your Score History

You have not taken this quiz